Proceedings ninth national symposium on food processing wastes, March 29-31, 1978 Denver, Colorado.
Guardado en:
| Autor Corporativo: | |
|---|---|
| Formato: | Libro |
| Idioma: | English |
| Publicado: |
Cincinnati, Oh :
(U.S.) Industrial Environmental Research Lab,
1978.
|
| Series: | Research reporting series
|
| Materias: | |
| Etiquetas: |
Agregar Etiqueta
Sin Etiquetas, Sea el primero en etiquetar este registro!
|
| LEADER | 00798nam a22001935a 4500 | ||
|---|---|---|---|
| 001 | EIQ.libpla001363 | ||
| 008 | 060915s1978####ohu######b####100#0#eng#d | ||
| 005 | 20060915170248.0 | ||
| 245 | 1 | 0 | |a Proceedings ninth national symposium on food processing wastes, March 29-31, 1978 Denver, Colorado. |
| 260 | |a Cincinnati, Oh : |b (U.S.) Industrial Environmental Research Lab, |c 1978. | ||
| 300 | |a vi, 367 p. : |b il., fotos ; |c 29 cm. | ||
| 440 | 0 | |a Research reporting series | |
| 500 | |a "EPA-600/2-78-188". | ||
| 504 | |a Bibliografía: p. 358. | ||
| 111 | 2 | |a Symposium on food processing wastes |n (9th : |d 1978 : |c Denver, Colorado) | |
| 650 | 4 | |a Procesamiento de alimentos |x Congresos. | |
| 650 | 4 | |a Food processing |x Congresses. | |
| 040 | |a AR-BbSID |b spa |c AR-BbSID | ||
| 859 | |a AR-BbSID |b BIB. PLAPIQUI |h 628.168 3 |i Sy 68 |p 143 | ||
